000 00291nam a22000977a 4500
999 _c519499
_d519499
082 _aTNC L64 K527
100 _aKhan, Anwar Tahmasp
_930584
245 _aCost-benefit analysis
_cby Anwar Tahmasp Khan
260 _aLahore
_bNational Institute of Public Administration
_c1965
300 _a205p